000 01139nam a2200229Ia 4500
001 L922-41483
003 IT-CnALBA
008 170116s9999||||xx |||||||||||||| ||und||
040 _aIT-CnALBA
_cIT-CnALBA
041 _aITALIANO
100 _aROSSI GIROLAMO
245 0 _aONORANZE A PAOLO BOSELLI. VOL. II.
250 _a1a ed.
260 _aTORINO
_bBARAVALLE E FALCONIERI TIPOG.
_c1915 [1° Ed.:1915 - Ed.Ling.Originale: 1915]
300 _a270 p.
500 _aLA MEDAGLIA. FASTI DELLA VITA PUBBLICA. DOCUMENTO SENZA FRONTESPIZIO. CURSUS HONORUM. TITOLI ACCADEMICI. MONOGRAFIE. PAROLE DELL'AVVOCATO COTTAFAVI V. ACCADEMIE LETTERARIE LIGURI. ERRORI SULLA STORIA E LINGUA DEI LIGURI.
501 _aSocietà San Paolo EM - Piazza San Paolo, 14 - 12051 ALBA (CN) (non commercial uses only) ® Copyright 2017
520 _aLA MEDAGLIA. FASTI DELLA VITA PUBBLICA. DOCUMENTO SENZA FRONTESPIZIO. CURSUS HONORUM. TITOLI ACCADEMICI. MONOGRAFIE. PAROLE DELL'AVVOCATO COTTAFAVI V. ACCADEMIE LETTERARIE LIGURI. ERRORI SULLA STORIA E LINGUA DEI LIGURI.
650 _aBIOGRAFIE, UOMINI ILLUSTRI
942 _cBK
957 _71
999 _a46712
_bSI
_g Copie: 1
_c300451
_d300451